MARC details
| 000 -LEADER |
| campo de control de longitud fija |
01411nam a22003017a 4500 |
| 003 - IDENTIFICADOR DE NÚMERO DE CONTROL |
| campo de control |
OSt |
| 005 - FECHA Y HORA DE LA ÚLTIMA TRANSACCIÓN |
| campo de control |
20250908214334.0 |
| 008 - DATOS DE LONGITUD FIJA--INFORMACIÓN GENERAL |
| campo de control de longitud fija |
250908b |||||||| |||| 00| 0 eng d |
| 020 ## - NÚMERO INTERNACIONAL ESTÁNDAR DEL LIBRO |
| Número Internacional Estándar del Libro |
9589205178 |
| 040 ## - FUENTE DE CATALOGACIÓN |
| Centro catalogador/agencia de origen |
CO-UdeC |
| Lengua de catalogación |
spa |
| Centro/agencia transcriptor |
CO-UdeC |
| 041 0# - CÓDIGO DE IDIOMA |
| Código de lengua del texto/banda sonora o título independiente |
spa |
| 111 2# - ENTRADA PRINCIPAL--NOMBRE DE CONGRESO/REUNIÓN |
| Nombre de congreso/reunión o jurisdicción como elemento de entrada |
Congreso Colombiano de Neurocomputación |
| Número del congreso/reunión o número de parte o sección |
(1er : |
| Fecha del congreso o de la firma del tratado |
1995 : |
| Sede del congreso/Lugar de la reunión |
Santafé de Bogotá) |
| 245 10 - MENCIÓN DEL TÍTULO |
| Título |
Memorias del Primer Congreso Colombiano de Neurocomputación / |
| Mención de responsabilidad, etc. |
editores Germán Hernández ... [et al.] |
| 250 ## - MENCION DE EDICION |
| Mención de edición |
1a ed. |
| 260 ## - PUBLICACIÓN, DISTRIBUCIÓN, ETC. |
| Lugar de publicación, distribución, etc. |
Santafé de Bogotá : |
| Nombre del editor, distribuidor, etc. |
Academia Colombiana de Ciencias Exactas, Físicas y Naturales , |
| Fecha de publicación, distribución, etc. |
1996 |
| 300 ## - DESCRIPCIÓN FÍSICA |
| Extensión |
xii, 180 p. :‡c24 cm |
| Otras características físicas |
il. , gráficos ; |
| Dimensiones |
24 cm |
| 490 0# - MENCIÓN DE SERIE |
| Mención de serie |
Memorias / Academia Colombiana de Ciencias Exactas, Físicas y Naturales ; |
| Designación de volumen o secuencia |
no. 4 |
| 500 ## - NOTA GENERAL |
| Nota general |
Conferencistas colombianos: Hernán Darío Alvarez Z., Jorge Ricardo Cuéllar, Max Garzón, Jesús Alberto Delgado, José Daniel Muñoz Castaño, Germán J. Hernández, Rafael F. Isaacs G., José Fernando Vega Riveros |
| 650 #4 - PUNTO DE ACCESO ADICIONAL DE MATERIA--TÉRMINO DE MATERIA |
| Término de materia o nombre geográfico como elemento de entrada |
Inteligencia artificial |
| Subdivisión de forma |
Congresos, conferencias, etc. |
| 650 #4 - PUNTO DE ACCESO ADICIONAL DE MATERIA--TÉRMINO DE MATERIA |
| Término de materia o nombre geográfico como elemento de entrada |
Autómatas celulares |
| 650 #4 - PUNTO DE ACCESO ADICIONAL DE MATERIA--TÉRMINO DE MATERIA |
| Término de materia o nombre geográfico como elemento de entrada |
Redes neuronales |
| 650 #4 - PUNTO DE ACCESO ADICIONAL DE MATERIA--TÉRMINO DE MATERIA |
| Término de materia o nombre geográfico como elemento de entrada |
Cibernética |
| 700 1# - ENTRADA AGREGADA--NOMBRE PERSONAL |
| Nombre de persona |
Hernández, Germán Eduardo |
| Término indicativo de función/relación |
editor |
| 700 1# - ENTRADA AGREGADA--NOMBRE PERSONAL |
| Nombre de persona |
Martínez, José J. |
| Término indicativo de función/relación |
editor |
| 700 1# - ENTRADA AGREGADA--NOMBRE PERSONAL |
| Nombre de persona |
Niño, Luis Fernando |
| Término indicativo de función/relación |
editor |
| 700 1# - ENTRADA AGREGADA--NOMBRE PERSONAL |
| Nombre de persona |
Torres, Luz Gloria |
| Término indicativo de función/relación |
editor |
| 942 ## - ELEMENTOS DE ENTRADA SECUNDARIOS (KOHA) |
| Fuente del sistema de clasificación o colocación |
Clasificación Decimal Dewey |
| Tipo de ítem Koha |
Libros |
| Edición |
1a ed. |
| Parte de la signatura que corresponde a la clasificación (Parte de la clasificación) |
006.33 |
| Parte de la signatura que identifica el ejemplar (Parte del ítem) |
C749 |
| Suprimir en OPAC |
No |